| 000 | 01500cam a2200289 4500 | ||
|---|---|---|---|
| 001 | X113342 | ||
| 008 | 000000n2001 000 0 eng u | ||
| 035 | _a(Sirsi) u113342 | ||
| 100 | _aCapps, D. | ||
| 245 | _aElectronic conveyancing: the future of property transfer | ||
| 260 | _c2001 | ||
| 490 |
_aNew Law Journal _v151(6987) 8 June 2001, 862-866(2) |
||
| 520 | _aLooks at the proposals by the Lord Chancellor's Department to introduce electronic conveyancing which will see a transactions completed electronically using secure email between the parties and HM Land Registry. A register of approved electronic signatures is to be set up under the Electronic Communications Act 2000 s1, although this has yet to come into force. It will be a major advance for e-commerce and not just e-conveyancing. The process of applying for an electronic signature will, however, be time consuming and it is therefore proposed that to save time conveyancers sign the relevant documents electronically as the client's agent. References. | ||
| 650 |
_aContracts _96232 |
||
| 650 | _aCONVEYANCING | ||
| 650 | _aDEEDS | ||
| 650 | _aE-COMMERCE | ||
| 650 | _aE-CONTRACTS | ||
| 650 | _aE-DEEDS | ||
| 650 | _aELECTRONIC COMMUNICATIONS ACT 2000 S1 | ||
| 650 | _aELECTRONIC COMMUNICATIONS ACT 2000 S8 | ||
| 650 | _aE-SIGNATURES | ||
| 650 | _aLAND REGISTRATION ACT 1925 | ||
| 650 | _aLAW OF PROPERTY (MISCELLANEOUS PROVISIONS) ACT 1989 | ||
| 690 | _aPROPERTY AND LAND LAW-CONVEYANCING | ||
| 942 | _n0 | ||
| 999 |
_c67522 _d67522 |
||